Κατάλογος Βιβλιοθηκών Mediterranean College

Southern Africa / Crucible for Co-Operation; Sharing a Subcontinent (Record no. 2045)

MARC details
000 -LEADER
fixed length control field 00965cam a22001934a 4500
005 - ΗΜΕΡΟΜΗΝΙΑ ΚΑΙ ΩΡΑ ΤΕΛΕΥΤΑΙΑΣ ΕΝΗΜΕΡΩΣΗΣ
Πεδίο ελέγχου 20250605163316.0
008 - FIXED-LENGTH DATA ELEMENTS--GENERAL INFORMATION
Πεδίο ελέγχου σταθερού μήκους 250528s ||||||||||||||||||||||||d
035 ## - SYSTEM CONTROL NUMBER
System control number 16553
020 ## - ISBN
ISBN 620136227
040 ## - ΠΗΓΗ ΚΑΤΑΛΟΓΟΓΡΑΦΗΣΗΣ
Φορέας πρωτότυπης καταλογογράφησης MC Athens Campus Library
Γλώσσα καταλογογράφησης Ελληνικά, Μοντέρνα (1453-)
Modifying agency MC Athens Campus Library
Κανόνες περιγραφικής καταλογογράφησης AACR2
245 1# - ΤΙΤΛΟΣ ΚΑΙ ΔΗΛΩΣΗ ΥΠΕΥΘΥΝΟΤΗΤΑΣ
Τίτλος Southern Africa / Crucible for Co-Operation; Sharing a Subcontinent
260 ## - PUBLICATION, DISTRIBUTION, ETC.
Name of publisher, distributor, etc. Ridgeback Publishers,
Date of publication, distribution, etc. 1989
300 ## - PHYSICAL DESCRIPTION
Extent 188
505 0# - FORMATTED CONTENTS NOTE
Formatted contents note Architecture, Energy, Water, Mineral Treasurehouse, Art Beauty, Living Better, Health, Trophy Hunting, Communicating, Transporting, Small Business, Financing Infrastructure, Civil Engineering, Helping Black Business, Mind-Set, Technology, Index.
520 ## - SUMMARY, ETC.
Summary, etc. Architecture, Energy, Water, Mineral Treasurehouse, Art Beauty, Living Better, Health, Trophy Hunting, Communicating, Transporting, Small Business, Financing Infrastructure, Civil Engineering, Helping Black Business, Mind-Set, Technology, Index.
942 ## - ADDED ENTRY ELEMENTS (KOHA)
Koha item type Books
Holdings
Τύπος τεκμηρίου Βιβλιοθήκη Τρέχουσα τοποθεσία Barcode Αριθμός εισαγωγής Ημερομηνία απόκτησης Ταξιθετικό σύμβολο Αριθμός αντιτύπου Κατάσταση απόσυρσης Κατάσταση χαμένου Κατάσταση κατεστραμμένου Μη δανεισμός Σύνολο δανεισμών Ημερομηνία τελευταίας εμφάνισης Η τιμή ισχύει από
Books MC Athens Campus Library MC Athens Campus Library 9780000020444 4257 05/06/2025 968 AFR 1           05/06/2025 05/06/2025

MC Athens Campus Library
Πατησίων 94 & Κοδριγκτώνος 13, 104 34
Πελλήνης 8 & Πατησίων 107, 112 51
Τ: +30 210 8899600

MC Thessaloniki Campus Library
Ίωνος Δραγούμη 21, 54625 | Ίωνος Δραγούμη 15, 54625
Τ: +30 2310 287779 – Τ: +30 2314 440300